Sports Quiz

Random Sports or Olympics Quiz
Score 0/123 Timer 14:00
0 Plays Today
Discipline Answer % Correct
USA
100%
4x10km Relay - MenSweden
96.7%
4x5km Relay - WomenSweden
96.7%
Sweden
96.7%
Sweden
96.7%
Ice Hockey - MenCanada
96.7%
Sweden
96.7%
Ice Hockey - WomenCanada
96.7%
4x7,5km Relay - MenRussia
93.3%
Germany
93.3%
Mixed RelayNorway
93.3%
Norway
93.3%
Russia
93.3%
Team Sprint Classic - WomenNorway
93.3%
Russia
93.3%
Russia
93.3%
Germany
93.3%
Large Hill Team - MenNorway
93.3%
Germany
93.3%
Large Hill Team - MenGermany
93.3%
Team Sprint Classic - MenFinland
90%
Finland
90%
Finland
90%
Austria
83.3%
Austria
83.3%
Austria
83.3%
Finland
80%
Japan
70%
7,5+7,5km Skiathlon - WomenMarit Bjorgen
66.7%
30km Mass Start - WomenMarit Bjorgen
66.7%
France
66.7%
Marcel Hirscher
60%
Biathlon - 20km Individual - MenMartin Fourcade
60%
Martin Fourcade
60%
12,5km Pursuit - MenMartin Fourcade
60%
4x6km Relay - WomenUkraine
60%
Switzerland
60%
10km Sprint - MenOle Einar Bjorndalen
56.7%
15km Mass Start - MenEmil Hegle Svendsen
56.7%
Charlotte Kalla
56.7%
Charlotte Kalla
56.7%
Discipline Answer % Correct
Kjetil Jansrud
53.3%
Super-G - MenKjetil Jansrud
53.3%
Czech Republic
53.3%
Italy
53.3%
Giant Slalom - MenTed Ligety
50%
Therese Johaug
50%
Therese Johaug
50%
Downhill - WomenTina Maze
46.7%
Giant Slalom - WomenTina Maze
46.7%
15km Individual - WomenDarya Domracheva
46.7%
10km Pursuit - WomenDarya Domracheva
46.7%
12,5km Mass Start - WomenDarya Domracheva
46.7%
Ski Jumping - Normal Hill - MenKamil Stoch
46.7%
Large Hill - MenKamil Stoch
46.7%
Tora Berger
43.3%
Cross Country - 15km Classic - MenDario Cologna
43.3%
15km+15km Skiathlon - MenDario Cologna
43.3%
Sprint Free - WomenMaiken Caspersen Falla
43.3%
Slalom - WomenMikaela Shiffrin
40%
Sprint Free - MenOla Vigen Hattestad
40%
10km Classic - WomenJustyna Kowalczyk
40%
Heidi Weng
40%
Nordic Combined - Normal Hill - MenEric Frenzel
40%
Magnus Hovdal Moan
40%
Peter Prevc
40%
Peter Prevc
40%
Alpine Skiing - Downhill - MenMatthias Mayer
36.7%
Slalom - MenMario Matt
36.7%
50km Mass Start - MenAlexander Legkov
36.7%
Martin Johnsrud Sundby
36.7%
Henrik Kristoffersen
33.3%
Large Hill - MenJoergen Graabak
33.3%
Noriaki Kasai
33.3%
Christof Innerhofer
30%
Christof Innerhofer
30%
Tiril Eckhoff
30%
Johan Olsson
30%
Ivica Kostelic
26.7%
Maria Hoefl Riesch
26.7%
Super Combined - WomenMaria Hoefl Riesch
26.7%
7,5km Sprint - WomenAnastasiya Kuzmina
26.7%
Discipline Answer % Correct
Marcus Hellner
26.7%
Ingvild Flugstad Ostberg
26.7%
Lara Gut
23.3%
Super-G - WomenAnna Fenninger
23.3%
Anna Fenninger
23.3%
Erik Lesser
23.3%
Dominik Landertinger
23.3%
Kristin Stoermer Steira
23.3%
Anders Bardal
23.3%
Alexis Pinturault
20%
Gabriela Soukalova
20%
Maxim Vylegzhanin
20%
Andrew Weibrecht
16.7%
Dominique Gisin
16.7%
Ondrej Moravec
16.7%
Ondrej Moravec
16.7%
Super Combined - MenSandro Viletta
13.3%
Viktoria Rebensburg
13.3%
Julia Mancuso
13.3%
Jean Guillaume Beatrix
13.3%
Vita Semerenko
13.3%
Emil Jonsson
13.3%
Jan Hudec
10%
Nicole Hosp
10%
Marlies Schild
10%
Nicole Hosp
10%
Selina Gasparin
10%
Akito Watabe
10%
Magnus Krog
10%
Steve Missillier
6.7%
Evgeniy Garanichev
6.7%
Jaroslav Soukup
6.7%
Ilia Chernousov
6.7%
Fabian Riessle
6.7%
Kathrin Zettel
3.3%
Nadezhda Skardino
3.3%
Olga Vilukhina
3.3%
Teja Gregorin
3.3%
Daniel Richardsson
3.3%
Teodor Peterson
3.3%
Vesna Fabjan
0%
Remove Ads.
Support Sporcle.
Get the best of Sporcle when you Go Orange. This ad-free experience offers more features, more stats, and more fun while also helping to support Sporcle. Thank you for becoming a member.

You're not logged in!

Compare scores with friends on all Sporcle quizzes.
OR
Log In

Sporcle TV

Today on Sporcle TV


Watch our educational content, quiz creation guides, and fun videos on Sporcle TV.

Show Comments

Extras

Top Quizzes Today


Score Distribution

Paid Content

Your Account Isn't Verified!

In order to create a playlist on Sporcle, you need to verify the email address you used during registration. Go to your Sporcle Settings to finish the process.

Report this User

Report this user for behavior that violates our Community Guidelines.

Details: